| 000 | 01126nam a22002537a 4500 | ||
|---|---|---|---|
| 003 | PE SENCICO BE | ||
| 005 | 20251020182642.0 | ||
| 008 | 230915b |||||||| |||| 00| 0 eng d | ||
| 040 |
_aPE SENCICO BE _cPE SENCICO BE |
||
| 041 | _aspa | ||
| 084 |
_aI _aTOP _a2017 _bD61 |
||
| 100 | 1 |
_91573 _aDelgado Villegas, Edwin Oscar _eautor |
|
| 245 | 1 |
_aControl de calidad cartográfica de una imagen satelital y la información restituida / _cEdwin Oscar Delgado Villegas |
|
| 260 |
_aLima : _c2017 |
||
| 300 |
_a29 hojas : _bilustraciones a color, mapas ; _c30 cm. |
||
| 502 | _aMonografía de Titulación.-- Servicio Nacional de Capacitación para la Industria de la Construcción. Escuela Superior Técnica. Carrera Profesional Técnica en Topografía y Geodesía, 2017. | ||
| 650 | 1 | 0 |
_91085 _aImágenes satélitales |
| 650 | 2 | 0 |
_91 _aCartografía |
| 650 | 2 | 0 |
_9125 _aSistemas de Información Geográfica (SIG) |
| 650 | 2 | 0 |
_9271 _aProcesamiento de imágenes |
| 710 | 1 |
_aServicio Nacional de Capacitación para la Industria de la Construcción. _bEscuela Superior Técnica _91065 |
|
| 910 |
_bhfp _chfp |
||
| 942 |
_cMON _2ddc |
||
| 999 |
_c4306 _d4306 |
||